000 00550nam a2200205Ia 4500
003 OSt
005 20220926045217.0
006 a|||||r|||| 00| 0
007 ta
008 220923b |||||||| |||| 00| 0 eng d
037 _cGeneral Book
040 _aRTL
_cRTL
_beng
041 _2eng
_aeng
082 _aX71.2
110 _aGovt of India
_9245577
245 0 _aBudget 1968-69
_b Speech of deputy prime minister and minister of finance
700 _aGovt of India
_9245578
942 _hX71.2
_cGB
_2CC
999 _c676969
_d676969